Diseño de la red de alcantarillado sanitario y sistema de tratamiento de aguas residuales para las Comarcas de San José, San Isidro y Santa Rita, municipio de Masatepe, Masaya periodo 2022-2047
El estudio tiene como objetivo realizar el diseño del sistema de alcantarillado sanitario y el sistema de tratamiento de aguas residuales para las comunidades en estudios, tomando en cuenta las normativas vigentes del país y la situación socioeconómica de la zona.
| Main Authors: | , , |
|---|---|
| Other Authors: | |
| Format: | Tesis Section = Libro |
| Language: | Undetermined Spanish |
| Published: |
Managua
UNI
2022
|
| Subjects: |
| LEADER | 01312nam a2200277Ia 4500 | ||
|---|---|---|---|
| 008 | 240830s9999 xx 000 0 und d | ||
| 040 | |a BIBLIOTECA-RUPAP/ Mon 628.2 A367 | ||
| 041 | |a spa | ||
| 082 | |a Mon 628.2 A367 | ||
| 100 | 1 | |a Alemán Balladares, Kevin Steven | |
| 100 | 1 | |b Loaisiga Dávila, Juan Sebastián | |
| 100 | 1 | |c Soto Vásquez Marvin Antonio | |
| 245 | 1 | 0 | |a Diseño de la red de alcantarillado sanitario y sistema de tratamiento de aguas residuales para las Comarcas de San José, San Isidro y Santa Rita, municipio de Masatepe, Masaya periodo 2022-2047 |
| 260 | |a Managua |b UNI |c 2022 | ||
| 300 | |a 85 p. :il. | ||
| 500 | |a Contiene: anexos y CD. | ||
| 502 | |a Tesis (Ingeniero Civil) - UNI, 2022. | ||
| 520 | 3 | |a El estudio tiene como objetivo realizar el diseño del sistema de alcantarillado sanitario y el sistema de tratamiento de aguas residuales para las comunidades en estudios, tomando en cuenta las normativas vigentes del país y la situación socioeconómica de la zona. | |
| 650 | 7 | |a ALCANTARILLADO SANITARIO | |
| 650 | 7 | |b RED DE ALCANTARILLADO SANITARIO - DISEÑO Y CONSTRUCCION | |
| 650 | 7 | |c AGUAS RESIDUALES | |
| 650 | 7 | |d TRATAMIENTO DE AGUAS RESIDUALES | |
| 700 | 1 | |a Tutor: |b Fajardo González, Ricardo Javier | |
| 942 | |c BK |2 ddc | ||
| 991 | |a Tesis | ||
| 999 | |c 27711 | ||